<?xml version="1.0" encoding="UTF-8"?>
<record
    xmlns:xsi="http://www.w3.org/2001/XMLSchema-instance"
    xsi:schemaLocation="http://www.loc.gov/MARC21/slim http://www.loc.gov/standards/marcxml/schema/MARC21slim.xsd"
    xmlns="http://www.loc.gov/MARC21/slim">

  <leader>04198cam a22005054i 4500</leader>
  <controlfield tag="003">PE-LiUPU</controlfield>
  <controlfield tag="005">20250731173054.0</controlfield>
  <controlfield tag="008">180307s2017    ne      rb    001 0 eng d</controlfield>
  <datafield tag="020" ind1=" " ind2=" ">
    <subfield code="a">9789004332294</subfield>
  </datafield>
  <datafield tag="035" ind1=" " ind2=" ">
    <subfield code="a">(Sirsi) a241473</subfield>
  </datafield>
  <datafield tag="040" ind1=" " ind2=" ">
    <subfield code="a">PE-LiUPU</subfield>
    <subfield code="b">spa</subfield>
    <subfield code="c">PE-LiUPU</subfield>
    <subfield code="e">rda</subfield>
  </datafield>
  <datafield tag="049" ind1=" " ind2=" ">
    <subfield code="a">PRUA</subfield>
  </datafield>
  <datafield tag="082" ind1="0" ind2="0">
    <subfield code="a">234</subfield>
    <subfield code="b">S3</subfield>
    <subfield code="2">23</subfield>
  </datafield>
  <datafield tag="245" ind1="0" ind2="2">
    <subfield code="a">Secular grace /</subfield>
    <subfield code="c">edited by Dana Freibach-Heifetz ; translated from the Hebrew by Barbara Harshav.</subfield>
  </datafield>
  <datafield tag="264" ind1=" " ind2="1">
    <subfield code="a">Leiden :</subfield>
    <subfield code="b">Brill,</subfield>
    <subfield code="c">2017.</subfield>
  </datafield>
  <datafield tag="300" ind1=" " ind2=" ">
    <subfield code="a">xi, 196 p&#xE1;ginas :</subfield>
    <subfield code="c">25 cent&#xED;metros.</subfield>
  </datafield>
  <datafield tag="336" ind1=" " ind2=" ">
    <subfield code="a">text</subfield>
    <subfield code="2">rdacontent</subfield>
  </datafield>
  <datafield tag="337" ind1=" " ind2=" ">
    <subfield code="a">unmediated</subfield>
    <subfield code="2">rdamedia</subfield>
  </datafield>
  <datafield tag="338" ind1=" " ind2=" ">
    <subfield code="a">volume</subfield>
    <subfield code="2">rdacarrier</subfield>
  </datafield>
  <datafield tag="490" ind1="1" ind2=" ">
    <subfield code="a">Value inquiry book series ;</subfield>
    <subfield code="v">299</subfield>
  </datafield>
  <datafield tag="490" ind1="1" ind2=" ">
    <subfield code="a">Value inquiry book series ;</subfield>
    <subfield code="E">thical theory and practice.</subfield>
  </datafield>
  <datafield tag="504" ind1=" " ind2=" ">
    <subfield code="a">Bibliograf&#xED;a : p&#xE1;ginas 183-189.</subfield>
  </datafield>
  <datafield tag="504" ind1=" " ind2=" ">
    <subfield code="a">&#xCD;ndice : p&#xE1;ginas 190-196.</subfield>
  </datafield>
  <datafield tag="505" ind1="0" ind2=" ">
    <subfield code="a">Introduction -- The death of God -- Freedom devoid of alternatives to Religion -- Quasi-religious alternatives to religion -- Secular humanism -- Secular grace -- The structure and methodology of the book -- Grace and salvation in christianity -- Relation -- Gift -- Free will to give and to receive -- The subjective aspect of grace -- The objective aspect of grace -- Outcomes of graces: Salvation -- Liberation -- Love -- Granting meaning to life -- Selfhood -- Secular grace: First thoughts -- A general concept of grace -- The background of secular grace -- Relationship -- The sides of the relationship of grace -- Equality and reciprocity -- Personal and dialogic relationship -- Free will -- The subjective aspect: Mutual love -- Disinterest -- Acceptance, identification and respect -- Difficulties and dangers -- Secular love and christian love -- The objetive aspect: Acts of grace -- Practical measure of Grace -- Outcomes of grace -- Liberation -- Love -- Meaning -- Selfhood -- Other possible outcomes -- Dialogue, encounter, friendship, gift -- I-Thou relationship according to Buber -- Self-identify between relation and relationship -- Characteristics of I-Tou relationship -- The conditions for the existence of I-Thou relationship -- Outcomes of I-Thou relationship -- I-Thou as grace, grace as I-Thou -- The encounter with the face of the other in the thinking of Levinas -- The world of totality and te world of infinity -- Self-identity in the presence of the other -- Fruits of the ethical relation to the other -- The levinasian encounter with the other&#xB4;s face and secular grace -- Gift and generosity -- What is a gift -- The giver and the receiver -- The measure of giving -- Dangers of giving and its difficulties -- Secular grace as a gift -- Friendship -- What is friendship -- Between emotion and choice -- Scope of friendship -- Conditions for establishing friendship -- Friendship and Selfhood -- Fruits of friendship -- Difficulties and dangers of friendship -- Friendship as secular grace -- Secular grace: Further Glance -- Secular grace in Prose -- The grace-path of prince Myshkin -- An Idiot, or: Prince Myshikin&#xB4;s mistake -- Reevaluating prince myshkin&#xB4;s path -- Grace-relation with the dead -- Relation with the dead -- Secular grace with the dead -- Secular salvation? -- Secular grace and salvation -- Ways of individual secular salvation -- The secular Pilgrim and his salvation -- Secular grace as a Path to salvation -- Humanist, existentialist, secular grace -- Humanism -- Existentialism -- Secularism -- Bibliography -- Index of names -- Index of subjects.</subfield>
  </datafield>
  <datafield tag="526" ind1=" " ind2=" ">
    <subfield code="a">SEG42</subfield>
  </datafield>
  <datafield tag="526" ind1=" " ind2=" ">
    <subfield code="a">SEG41</subfield>
  </datafield>
  <datafield tag="526" ind1=" " ind2=" ">
    <subfield code="a">SEG40</subfield>
  </datafield>
  <datafield tag="526" ind1=" " ind2=" ">
    <subfield code="a">SEG39</subfield>
  </datafield>
  <datafield tag="526" ind1=" " ind2=" ">
    <subfield code="a">P94</subfield>
  </datafield>
  <datafield tag="526" ind1=" " ind2=" ">
    <subfield code="a">P87</subfield>
  </datafield>
  <datafield tag="526" ind1=" " ind2=" ">
    <subfield code="a">P86</subfield>
  </datafield>
  <datafield tag="526" ind1=" " ind2=" ">
    <subfield code="a">P85</subfield>
  </datafield>
  <datafield tag="526" ind1=" " ind2=" ">
    <subfield code="a">P77</subfield>
  </datafield>
  <datafield tag="526" ind1=" " ind2=" ">
    <subfield code="a">P76</subfield>
  </datafield>
  <datafield tag="526" ind1=" " ind2=" ">
    <subfield code="a">P35</subfield>
  </datafield>
  <datafield tag="650" ind1="0" ind2="4">
    <subfield code="a">&#xC9;tica existencial</subfield>
    <subfield code="x">Existential ethics.</subfield>
  </datafield>
  <datafield tag="650" ind1="0" ind2="4">
    <subfield code="a">Gracia</subfield>
    <subfield code="x">Grace.</subfield>
  </datafield>
  <datafield tag="700" ind1="1" ind2=" ">
    <subfield code="a">Harshav, Barbara,</subfield>
    <subfield code="e">editor.</subfield>
  </datafield>
  <datafield tag="910" ind1=" " ind2=" ">
    <subfield code="a">dbm</subfield>
    <subfield code="b">wmm</subfield>
    <subfield code="c">wmm</subfield>
    <subfield code="d">20180307</subfield>
  </datafield>
  <datafield tag="942" ind1=" " ind2=" ">
    <subfield code="2">ddc</subfield>
    <subfield code="c">BOOK</subfield>
  </datafield>
  <datafield tag="994" ind1=" " ind2=" ">
    <subfield code="a">C0</subfield>
    <subfield code="b">PEPRU</subfield>
  </datafield>
  <datafield tag="596" ind1=" " ind2=" ">
    <subfield code="a">1</subfield>
  </datafield>
  <datafield tag="999" ind1=" " ind2=" ">
    <subfield code="a">234 S3</subfield>
    <subfield code="w">DEWEY</subfield>
    <subfield code="c">27100</subfield>
    <subfield code="i">78364</subfield>
    <subfield code="f">2021-11-10</subfield>
    <subfield code="g">4</subfield>
    <subfield code="l">CCODEBUL1</subfield>
    <subfield code="m">BUL</subfield>
    <subfield code="p">60.00</subfield>
    <subfield code="r">0</subfield>
    <subfield code="s">Y</subfield>
    <subfield code="t">BOOK</subfield>
    <subfield code="u">2018-3-8</subfield>
    <subfield code="x">TEOLOGIA</subfield>
    <subfield code="P">P35</subfield>
    <subfield code="0">COMPRA</subfield>
    <subfield code="o">.STAFF. Colecci&#xF3;n Teolog&#xED;a</subfield>
    <subfield code="d">27100</subfield>
  </datafield>
  <datafield tag="980" ind1=" " ind2=" ">
    <subfield code="8">1</subfield>
    <subfield code="g">ALBERTO SANCHEZ Responsable de Automatizaci&#xF3;n</subfield>
  </datafield>
  <datafield tag="952" ind1=" " ind2=" ">
    <subfield code="r">2025-12-03 00:00:00</subfield>
    <subfield code="i">5</subfield>
    <subfield code="l">0</subfield>
    <subfield code="o">234 S3</subfield>
    <subfield code="p">78364</subfield>
    <subfield code="t">e1</subfield>
    <subfield code="v">65.00</subfield>
    <subfield code="w">2018-03-08</subfield>
    <subfield code="x">FT</subfield>
    <subfield code="y">BK</subfield>
    <subfield code="z">inventario-2023-12-13</subfield>
    <subfield code="1">0</subfield>
    <subfield code="2">ddc</subfield>
    <subfield code="5">0</subfield>
    <subfield code="7">0</subfield>
    <subfield code="8">GEN</subfield>
    <subfield code="f">P35</subfield>
    <subfield code="a">BUL</subfield>
    <subfield code="b">BUL</subfield>
    <subfield code="c">GEN</subfield>
    <subfield code="d">2018-03-08</subfield>
    <subfield code="e">COMPRA</subfield>
    <subfield code="g">60.00</subfield>
  </datafield>
</record>
